Cách hữu hiệu khi xin việc ở công sở
Đưa ra một số tình huống kinh nghiệm cho thanh niên khi tiếp cận với thị trường lao động. Trình bày cách ứng xử cần thiết để có thể được tiếp nhận vào làm việc ở các cơ quan, công ty, doanh nghiệp...
Na minha lista:
| Autor principal: | |
|---|---|
| Formato: | Livro |
| Idioma: | Undetermined |
| Publicado em: |
Hà Nội
Văn hóa Thông tin
2005
|
| Assuntos: | |
| Tags: |
Adicionar Tag
Sem tags, seja o primeiro a adicionar uma tag!
|
| Thư viện lưu trữ: | Trung tâm Học liệu Trường Đại học Cần Thơ |
|---|
| LEADER | 00902nam a2200205Ia 4500 | ||
|---|---|---|---|
| 001 | CTU_101345 | ||
| 008 | 210402s9999 xx 000 0 und d | ||
| 020 | |c 20000 | ||
| 082 | |a 650.14 | ||
| 082 | |b M312 | ||
| 100 | |a Hoàng, Lê Minh | ||
| 245 | 0 | |a Cách hữu hiệu khi xin việc ở công sở | |
| 245 | 0 | |c Hoàng Lê Minh | |
| 260 | |a Hà Nội | ||
| 260 | |b Văn hóa Thông tin | ||
| 260 | |c 2005 | ||
| 520 | |a Đưa ra một số tình huống kinh nghiệm cho thanh niên khi tiếp cận với thị trường lao động. Trình bày cách ứng xử cần thiết để có thể được tiếp nhận vào làm việc ở các cơ quan, công ty, doanh nghiệp | ||
| 650 | |a Applications for positions,Vocational guidance | ||
| 904 | |i Minh | ||
| 980 | |a Trung tâm Học liệu Trường Đại học Cần Thơ | ||